Những vấn đề lý luận cơ bản về phát triển xã hội và quản lý phát triển xã hội hiện nay vận dụng cho Việt Nam

Phân tích, trình bày những vấn đề lý luận cơ bản về quản lý và phát triển xã hội ở Việt Nam; khảo cứu một số nước trên thế giới và tổng kết một số thành tựu của Việt Nam qua hơn 25 năm đổi mới...

Szczegółowa specyfikacja

Zapisane w:
Opis bibliograficzny
1. autor: Hoàng, Chí Bảo
Format: Książka
Język:Undetermined
Wydane: Hà Nội Chính trị Quốc gia 2012
Hasła przedmiotowe:
Etykiety: Dodaj etykietę
Nie ma etykietki, Dołącz pierwszą etykiete!
Thư viện lưu trữ: Trung tâm Học liệu Trường Đại học Cần Thơ
LEADER 01085nam a2200205Ia 4500
001 CTU_197080
008 210402s9999 xx 000 0 und d
020 |c 84000 
082 |a 361.6 
082 |b B108 
100 |a Hoàng, Chí Bảo 
245 0 |a Những vấn đề lý luận cơ bản về phát triển xã hội và quản lý phát triển xã hội hiện nay vận dụng cho Việt Nam 
245 0 |c Hoàng Chí Bảo, Đoàn Minh Huấn (đồng chủ biên) 
260 |a Hà Nội 
260 |b Chính trị Quốc gia 
260 |c 2012 
520 |a Phân tích, trình bày những vấn đề lý luận cơ bản về quản lý và phát triển xã hội ở Việt Nam; khảo cứu một số nước trên thế giới và tổng kết một số thành tựu của Việt Nam qua hơn 25 năm đổi mới 
650 |a Social sciences,Khoa học xã hội 
904 |i Nguyên 
980 |a Trung tâm Học liệu Trường Đại học Cần Thơ